[Event "GER-chT U14 Girls"]
[Site "Magdeburg"]
[Date "2013.12.27"]
[Round "1.2"]
[White "Du, Katharina"]
[Black "Schilay, Eva"]
[Result "1-0"]
[WhiteElo "1375"]
[BlackElo "1232"]
[PlyCount "89"]
[EventDate "2013.12.27"]
[EventType "team-swiss"]
[EventRounds "4"]
[EventCountry "GER"]
[SourceTitle "EXT 2015"]
[Source "ChessBase"]
[SourceDate "2014.11.20"]
[SourceVersion "1"]
[SourceVersionDate "2014.11.20"]
[SourceQuality "1"]
[WhiteTeam "Berlin Empor"]
[BlackTeam "Neumarkt"]
[WhiteTeamCountry "GER"]
[BlackTeamCountry "GER"]

1. c4 e5 2. Nc3 Nc6 3. g3 Bc5 4. Bg2 Nge7 5. d3 d6 6. Nf3 Bf5 7. 0-0 0-0 8. Ng5 h6 9. Nge4 Bb6 10. a3 a6 11. b4 Qc8 12. Bb2 Bh3 13. e3 Ba7 14. Qh5 Bxg2 15. Kxg2 Qf5 16. Qxf5 Nxf5 17. Nd5 Rac8 18. Rac1 Rfd8 19. Rce1 Nfe7 20. Nec3 Rd7 21. f4 exf4 22. exf4 Bd4 23. Ba1 Nxd5 24. Nxd5 Ba7 25. f5 Nd4 26. Ne7+ Kf8 27. Nxc8 Nc2 28. Nxa7 Nxe1+ 29. Rxe1 d5 30. f6 g6 31. Nc8 dxc4 32. dxc4 Rd2+ 33. Kg1 Rd3 34. Bb2 Rd2 35. Bc1 Rc2 36. Bxh6+ Kg8 37. Re8+ Kh7 38. Bg5 Rxc4 39. Re7 Kg8 40. Bh6 Rc6 41. Bg7 Rc1+ 42. Kg2 Rc2+ 43. Kh3 Rc4 44. Re8+ Kh7 45. Rh8# 1-0

[Event "North Germany-chT U14 Girls"]
[Site "Guestrow"]
[Date "2013.09.15"]
[Round "5.2"]
[White "Hallfarth, Freya"]
[Black "Du, Katharina"]
[Result "0-1"]
[WhiteElo "1059"]
[BlackElo "1455"]
[PlyCount "84"]
[EventDate "2013.09.13"]
[EventType "team-swiss"]
[EventRounds "5"]
[EventCountry "GER"]
[SourceTitle "EXT 2017"]
[Source "ChessBase"]
[SourceDate "2016.10.25"]
[SourceVersion "1"]
[SourceVersionDate "2016.10.25"]
[SourceQuality "1"]
[WhiteTeam "Nordhorn Blanke"]
[BlackTeam "Berlin Empor"]
[WhiteTeamCountry "GER"]
[BlackTeamCountry "GER"]

1. f4 g6 2. Nf3 Bg7 3. e3 d6 4. Be2 Nd7 5. 0-0 e6 6. Nc3 Ne7 7. b3 0-0 8. Bb2 b6 9. Rb1 Bb7 10. Nb5 a6 11. Bxg7 Kxg7 12. Nc3 c5 13. Qe1 Nf5 14. Ng5 h6 15. Nge4 d5 16. Ng3 Qf6 17. Nxf5+ Qxf5 18. d3 Qf6 19. Rd1 Rfc8 20. d4 cxd4 21. exd4 Rc7 22. Rd3 Rac8 23. Rff3 b5 24. b4 Nb6 25. g3 Rc4 26. a3 Rxd4 27. Qf2 Rxd3 28. Bxd3 Nc4 29. Bxc4 Rxc4 30. Nd1 Qa1 31. Rd3 Qc1 32. Rd2 Qxa3 33. c3 Qc1 34. Kg2 d4+ 35. Kh3 dxc3 36. Rd4 c2 37. Rxc4 bxc4 38. Ne3 Be4 39. Nxc2 Qxc2 40. Qc5 Qg2+ 41. Kg4 Bf3+ 42. Kh4 Qxh2# 0-1

[Event "North Germany-chT U14 Girls"]
[Site "Guestrow"]
[Date "2013.09.14"]
[Round "4.2"]
[White "Du, Katharina"]
[Black "Joers, Pia Milena"]
[Result "1-0"]
[WhiteElo "1455"]
[BlackElo "1032"]
[PlyCount "153"]
[EventDate "2013.09.13"]
[EventType "team-swiss"]
[EventRounds "5"]
[EventCountry "GER"]
[SourceTitle "EXT 2017"]
[Source "ChessBase"]
[SourceDate "2016.10.25"]
[SourceVersion "1"]
[SourceVersionDate "2016.10.25"]
[SourceQuality "1"]
[WhiteTeam "Berlin Empor"]
[BlackTeam "Guestrow/Teterow"]
[WhiteTeamCountry "GER"]
[BlackTeamCountry "GER"]

1. c4 e5 2. Nc3 Nf6 3. d3 Bb4 4. Bd2 Nc6 5. Nf3 0-0 6. g3 d6 7. Bg2 Bg4 8. 0-0 h6 9. a3 Bc5 10. b4 Bb6 11. Rb1 a6 12. a4 Qd7 13. a5 Ba7 14. Qc1 Kh7 15. Be3 Bxe3 16. Qxe3 Rfe8 17. Qd2 Bh3 18. e3 Bxg2 19. Kxg2 d5 20. Rfd1 Rad8 21. Qc2 Qe6 22. Na2 dxc4 23. Qxc4 Qxc4 24. dxc4 Rxd1 25. Rxd1 e4 26. Ne1 b6 27. axb6 cxb6 28. Rd6 Re6 29. Rxe6 fxe6 30. b5 axb5 31. cxb5 Na7 32. Nc3 Nd5 33. Nxe4 Nxb5 34. Nd3 Nbc3 35. Nxc3 Nxc3 36. Nf4 e5 37. Nd3 e4 38. Nb4 Kg6 39. Kf1 Kf5 40. h3 Ke5 41. Ke1 Nd5 42. Nc6+ Kd6 43. Nd4 Nb4 44. Kd2 Kd5 45. Nb5 Kc5 46. Nc3 b5 47. Nxe4+ Kd5 48. Nc3+ Kc4 49. Ne4 Nd5 50. Nd6+ Kc5 51. Ne4+ Kb4 52. Kc2 Ka3 53. Nd2 Ka2 54. e4 Nc7 55. f4 Ne6 56. f5 Nc5 57. e5 b4 58. e6 b3+ 59. Nxb3 Nxb3 60. e7 Nd4+ 61. Kd1 Nxf5 62. e8Q Nxg3 63. Qa8+ Kb2 64. Qb8+ Ka2 65. Qxg3 g5 66. h4 gxh4 67. Qxh4 h5 68. Qxh5 Kb3 69. Qc5 Kb2 70. Qc2+ Ka3 71. Qb1 Ka4 72. Kc2 Ka5 73. Kc3 Ka6 74. Kc4 Ka7 75. Kc5 Ka8 76. Kc6 Ka7 77. Qb7# 1-0

[Event "GER-chT U14 Girls"]
[Site "Magdeburg"]
[Date "2012.12.28"]
[Round "4.2"]
[White "Du, Katharina"]
[Black "Sewald, Kathrin"]
[Result "1/2-1/2"]
[WhiteElo "1442"]
[BlackElo "1335"]
[PlyCount "179"]
[EventDate "2012.12.27"]
[EventType "team-swiss"]
[EventRounds "7"]
[EventCountry "GER"]
[SourceTitle "EXT 2014"]
[Source "ChessBase"]
[SourceDate "2013.11.20"]
[SourceVersion "1"]
[SourceVersionDate "2013.11.20"]
[SourceQuality "1"]
[WhiteTeam "Berlin Empor"]
[BlackTeam "Porz SG"]
[WhiteTeamCountry "GER"]
[BlackTeamCountry "GER"]

1. e4 e5 2. Nf3 Nc6 3. d3 Nf6 4. Be2 h6 5. 0-0 Be7 6. Be3 0-0 7. Nbd2 d6 8. h3 Be6 9. c3 d5 10. exd5 Qxd5 11. Qb3 Bd6 12. Nh2 Na5 13. Qxd5 Bxd5 14. Ng4 Nd7 15. Bf3 Be6 16. Nb3 Bxb3 17. axb3 Nxb3 18. Bxb7 Nxa1 19. Bxa8 f5 20. Bd5+ Kh8 21. Rxa1 fxg4 22. hxg4 Bc5 23. Bxc5 Nxc5 24. Bc4 e4 25. dxe4 Nxe4 26. f3 Nd6 27. Bd5 Nc8 28. Be6 Nd6 29. Rxa7 c6 30. Ra6 Rf6 31. Bd7 Nc4 32. Rxc6 Rxc6 33. Bxc6 Nxb2 34. Bd5 g6 35. Kf1 Kg7 36. Ke2 Kf6 37. f4 Ke7 38. c4 Kd6 39. Bf7 g5 40. f5 Ke5 41. Ke3 Nd1+ 42. Kf3 Nb2 43. Be6 Na4 44. Ke3 Nc5 45. Bd5 Na4 46. g3 Nc5 47. Kd2 Na4 48. Kc2 Nb6 49. Kc3 Nd7 50. Be6 Nf6 51. c5 Nxg4 52. Kb4 Nf6 53. c6 Ne8 54. Kc5 h5 55. Bf7 Nd6 56. c7 Nc8 57. Be6 Ne7 58. c8Q Nxc8 59. Bxc8 g4 60. f6 Kxf6 61. Bxg4 hxg4 62. Kd4 Kf5 63. Kd5 Kf6 64. Kd4 Kf5 65. Kd3 Ke5 66. Ke3 Kf5 67. Kd4 Kf6 68. Kd3 Ke5 69. Ke3 Kf5 70. Kd4 Kf6 71. Ke4 Kg5 72. Ke5 Kg6 73. Kf4 Kh5 74. Kf5 Kh6 75. Kxg4 Kg6 76. Kh4 Kh6 77. g4 Kg6 78. Kh3 Kh7 79. Kg3 Kg7 80. Kf3 Kf6 81. Kf4 Kg6 82. Kg3 Kg5 83. Kf3 Kg6 84. Kf4 Kf6 85. Kg3 Kg5 86. Kf3 Kg6 87. Ke4 Kg5 88. Kf3 Kg6 89. Kf4 Kf6 90. Kf3 1/2-1/2

[Event "GER-chT North U14 Girls"]
[Site "Guestrow"]
[Date "2012.09.08"]
[Round "3.2"]
[White "Du, Katharina"]
[Black "Boehm, Jana"]
[Result "0-1"]
[WhiteElo "1544"]
[BlackElo "1701"]
[PlyCount "76"]
[EventDate "2012.09.07"]
[EventType "team-swiss"]
[EventRounds "5"]
[EventCountry "GER"]
[SourceTitle "EXT 2015"]
[Source "ChessBase"]
[SourceDate "2014.11.20"]
[SourceVersion "1"]
[SourceVersionDate "2014.11.20"]
[SourceQuality "1"]
[WhiteTeam "Berlin Empor"]
[BlackTeam "Oesede Georgsmarienhuette"]
[WhiteTeamCountry "GER"]
[BlackTeamCountry "GER"]

1. e4 e6 2. d4 d5 3. exd5 exd5 4. Bd3 Bd6 5. c3 Ne7 6. Nf3 c6 7. 0-0 Bg4 8. h3 Bh5 9. Re1 Qc7 10. Nbd2 Nd7 11. b3 Bg6 12. Nf1 0-0 13. Bg5 f6 14. Bh4 Nf5 15. Bxf5 Bxf5 16. Bg3 Rfe8 17. Bxd6 Qxd6 18. Ng3 Bg6 19. Nh4 Rxe1+ 20. Qxe1 Re8 21. Qd2 Be4 22. Re1 g6 23. c4 Re6 24. c5 Qe7 25. Re3 f5 26. Nxe4 fxe4 27. g3 Qf7 28. Ng2 Rf6 29. Qe2 Nf8 30. Ne1 Ne6 31. Qd2 Ng5 32. h4 Nh3+ 33. Kh1 Nxf2+ 34. Kg2 Ng4 35. Re2 e3 36. Qc2 Rf2+ 37. Kg1 Rxe2 38. Qxe2 Qf2+ 0-1

[Event "GER-chT North U14 Girls"]
[Site "Guestrow"]
[Date "2012.09.07"]
[Round "2.2"]
[White "Du, Katharina"]
[Black "Koehler, Inken"]
[Result "1-0"]
[WhiteElo "1544"]
[BlackElo "1465"]
[PlyCount "125"]
[EventDate "2012.09.07"]
[EventType "team-swiss"]
[EventRounds "5"]
[EventCountry "GER"]
[SourceTitle "EXT 2015"]
[Source "ChessBase"]
[SourceDate "2014.11.20"]
[SourceVersion "1"]
[SourceVersionDate "2014.11.20"]
[SourceQuality "1"]
[WhiteTeam "Berlin Empor"]
[BlackTeam "Harksheide"]
[WhiteTeamCountry "GER"]
[BlackTeamCountry "GER"]

1. e4 d6 2. d4 Nf6 3. Bd3 g6 4. Be3 Bg7 5. c3 0-0 6. Nf3 Re8 7. 0-0 Nbd7 8. h3 e5 9. Nbd2 Nb6 10. Re1 Bd7 11. Nf1 exd4 12. Bxd4 Bc6 13. Ng3 Re7 14. Qc2 Qe8 15. Re2 Nbd7 16. Rae1 Rd8 17. b3 Nf8 18. c4 Ne6 19. Bb2 Nf4 20. Re3 Rdd7 21. b4 b6 22. Nd2 Nxd3 23. Qxd3 Nxe4 24. Bxg7 Nxd2 25. Bf6 Rxe3 26. Rxe3 Nf3+ 27. gxf3 Qa8 28. Qc3 d5 29. cxd5 Bxd5 30. Rd3 Rd6 31. Ne4 Bxe4 32. fxe4 Rxd3 33. Qxd3 Qf8 34. Qc3 Qd6 35. a3 Qe6 36. e5 Qd7 37. Qe3 Qd1+ 38. Kg2 Qh5 39. Qd3 Qh6 40. Qd8+ Qf8 41. Qxc7 Qa8+ 42. Kg3 h5 43. Qd8+ Qxd8 44. Bxd8 Kf8 45. a4 Ke8 46. Bf6 Kd7 47. a5 b5 48. f4 Ke6 49. h4 Kd5 50. Kf3 Kc4 51. Be7 Kd3 52. Bc5 a6 53. Be7 Kd4 54. Bd6 Kd3 55. f5 gxf5 56. Kf4 Ke2 57. Kxf5 Kf3 58. Kg5 Ke4 59. Kxh5 Kf5 60. Kh6 f6 61. h5 fxe5 62. Bxe5 Kxe5 63. Kg7 1-0

[Event "GER-ch U12"]
[Site "Oberhof"]
[Date "2012.05.27"]
[Round "2"]
[White "Du, Katharina"]
[Black "Graf, Clara Victoria"]
[Result "0-1"]
[WhiteElo "1275"]
[BlackElo "1817"]
[PlyCount "98"]
[EventDate "2012.05.27"]
[EventType "swiss"]
[EventRounds "11"]
[EventCountry "GER"]
[SourceTitle "CBM 148 Extra"]
[Source "ChessBase"]
[SourceDate "2012.06.22"]
[SourceVersion "1"]
[SourceVersionDate "2012.06.22"]
[SourceQuality "1"]

1. e4 c5 2. Nf3 a6 3. d4 cxd4 4. Nxd4 Nf6 5. Nc3 e5 6. Nf3 Nc6 7. Bg5 Bb4 8. Qd3 0-0 9. Be2 h6 10. Bh4 Bxc3+ 11. bxc3 b5 12. 0-0 Qe7 13. a3 Qe6 14. Bxf6 Qxf6 15. c4 b4 16. Qd5 bxa3 17. Rxa3 Rd8 18. Rb1 a5 19. c5 Ra7 20. Rb6 Qf4 21. Ra1 Bb7 22. Bd3 Ba8 23. Qb3 h5 24. h3 g5 25. Bb5 g4 26. Bxc6 Bxc6 27. Rb8 Ra8 28. Rxd8+ Rxd8 29. hxg4 hxg4 30. Nh2 Qxe4 31. Qg3 f5 32. Rxa5 Qe1+ 33. Nf1 Qxa5 34. Qb3+ Kg7 35. Qe3 Kg6 36. Qxe5 Rf8 37. Qd6+ Rf6 38. Qd4 Qe1 39. Qc4 Qe6 40. Qf4 Qe4 41. Qg3 Qxc2 42. Qh4 Qxc5 43. Qh2 Qd5 44. Qg3 Qe4 45. Qh2 d5 46. Qh8 Qe6 47. Qd8 d4 48. Qh8 d3 49. Qd8 Qd5 0-1

[Event "GER-ch U10"]
[Site "Oberhof"]
[Date "2010.05.29"]
[Round "11"]
[White "Lederer, Leia"]
[Black "Du, Katharina"]
[Result "1-0"]
[WhiteElo "971"]
[BlackElo "1006"]
[PlyCount "33"]
[EventDate "2010.05.22"]
[EventType "swiss"]
[EventRounds "11"]
[EventCountry "GER"]
[SourceTitle "CBM 136 Extra"]
[Source "ChessBase"]
[SourceDate "2010.07.02"]
[SourceVersion "2"]
[SourceVersionDate "2010.07.15"]
[SourceQuality "1"]

1. e4 e5 2. Nf3 Nc6 3. Bb5 a6 4. Ba4 b5 5. Bb3 d6 6. Nc3 Nf6 7. d3 Be7 8. Be3 0-0 9. Qd2 Bd7 10. h4 Na5 11. h5 Ng4 12. h6 Nxh6 13. Bxh6 gxh6 14. Qxh6 Bh4 15. Rxh4 Re8 16. Qxh7+ Kf8 17. Qxf7# 1-0

[Event "GER-ch U10"]
[Site "Oberhof"]
[Date "2010.05.26"]
[Round "7"]
[White "Neuwald, Johannes"]
[Black "Du, Katharina"]
[Result "1-0"]
[WhiteElo "1277"]
[BlackElo "1006"]
[PlyCount "103"]
[EventDate "2010.05.22"]
[EventType "swiss"]
[EventRounds "11"]
[EventCountry "GER"]
[SourceTitle "CBM 136 Extra"]
[Source "ChessBase"]
[SourceDate "2010.07.02"]
[SourceVersion "2"]
[SourceVersionDate "2010.07.15"]
[SourceQuality "1"]

1. e4 e5 2. Nf3 Nc6 3. Bb5 a6 4. Ba4 d6 5. d4 Bd7 6. d5 Nd4 7. Bxd7+ Qxd7 8. Nxd4 exd4 9. Qxd4 Be7 10. Qxg7 0-0-0 11. Qd4 Kb8 12. Be3 b6 13. Qxh8 Nf6 14. Qg7 Rg8 15. Qxf7 Rxg2 16. Qe6 Qd8 17. Nc3 Ng4 18. 0-0-0 Ne5 19. Rdg1 Rxg1+ 20. Rxg1 Ng6 21. Ne2 Kb7 22. Nd4 Qf8 23. Nc6 Bh4 24. Qf5 Qe8 25. Qh3 Qxe4 26. Rxg6 hxg6 27. Qd7 Qh1+ 28. Kd2 Qxd5+ 29. Ke2 Qxc6 30. Qxc6+ Kxc6 31. Kd3 Bf6 32. Bd4 Bxd4 33. Kxd4 Kd7 34. Ke4 Ke6 35. h4 c6 36. c3 a5 37. c4 d5+ 38. cxd5+ cxd5+ 39. Kf4 Kf6 40. a4 Ke6 41. Ke3 Ke5 42. f4+ Ke6 43. Kd4 Kd6 44. f5 gxf5 45. h5 f4 46. h6 f3 47. Ke3 Ke6 48. h7 d4+ 49. Kxf3 d3 50. h8Q d2 51. Qd8 Ke5 52. Qxd2 1-0